Serial post complete : programming and circuits for Rs-232 and Rs-485 links and networks (Record no. 210447)
[ view plain ]
| 000 -LEADER | |
|---|---|
| fixed length control field | 00500nam a2200157Ia 4500 |
| 008 - FIXED-LENGTH DATA ELEMENTS--GENERAL INFORMATION | |
| fixed length control field | 231221s9999 xx 000 0 und d |
| 020 ## - INTERNATIONAL STANDARD BOOK NUMBER | |
| International Standard Book Number | 9790000000000 |
| 041 ## - LANGUAGE CODE | |
| Language code of text/sound track or separate title | English |
| 100 ## - MAIN ENTRY--PERSONAL NAME | |
| Personal name | Axelson, Jan. |
| 245 #0 - TITLE STATEMENT | |
| Title | Serial post complete : programming and circuits for Rs-232 and Rs-485 links and networks |
| 260 ## - PUBLICATION, DISTRIBUTION, ETC. | |
| Date of publication, distribution, etc. | 1998 |
| Name of publisher, distributor, etc. | Penram International publishing |
| Place of publication, distribution, etc. | Mumbai |
| 300 ## - PHYSICAL DESCRIPTION | |
| Extent | xiv, 306 |
| 300 ## - PHYSICAL DESCRIPTION | |
| Dimensions | 57638 |
| 650 ## - SUBJECT ADDED ENTRY--TOPICAL TERM | |
| Topical term or geographic name entry element | Serial,programming,circuits,Rs-232,Rs-485,links,networks |
| 942 ## - ADDED ENTRY ELEMENTS (KOHA) | |
| Koha item type | Floppies |
| Date last seen | Total checkouts | Accession number | Price effective from | Category | Lost status | Damaged status | Department | Withdrawn status | Home library | Current library | Shelving location | Entry date | Vendor | Grants | Billnumber | Billdate | Currency symbol | Conversion rate | Discount | Old discount |
|---|---|---|---|---|---|---|---|---|---|---|---|---|---|---|---|---|---|---|---|---|
| 26/01/2024 | FP619 | 26/01/2024 | Floppies | CS | Central Library | Central Library | CS | Sapna Book House | CS | 11 | 09/10/2013 | RS | 1 |
